00628nam a2200205Ia 4500003000400000005001700004008004100021020001700062050002400079100002500103245005300128260003500181300004200216440000600258521000700264526000800271942001200279999001700291952011400308OSt20140321075511.0140130s9999 xx 000 0 und d a978671899035 aPZ 7b.H1837Ho 1991 aHamm, Diane Johnston cDiane Johnston HammaHow Many Feet In The Bed? / bScholastic,c1991.aNew York : a1 v. (unpaged) :bcol. ill. ;c24 cm. v1 aG1 c230 cBK2lcc c40007d40007 00102lcc40aMUbMUcSCHOd2014-01-30l0oPZ 7 .H1837Ho 1991pMS0740r2014-01-30 00:00:00t1w2014-01-30yBK